Car Models by Picture #24 - Statistics

General Stats
  • This quiz has been taken 79 times
  • The average score is 7 of 12
Answer Stats
Picture Hint Answer % Correct
Porsche Cayenne
87%
Koenigsegg Jesko
79%
Dacia Duster
69%
Mazda 3
62%
Volkswagen ID.3
62%
BMW Z1
61%
Toyota Celica
52%
Ferrari F8
49%
Ford Crown Victoria
44%
Peugeot RCZ
39%
Fiat 124 Spider
38%
Nissan Almera
38%
No matching quizzes found
Score Distribution
Percent of People with Each Score
Percentile by Number Answered
Your Score History
You have not taken this quiz